000 00292nam a22001337a 4500
008 170608b xxu||||| |||| 00| 0 eng d
020 _a0801824521
041 _aeng
080 _a338
100 _a338
101 _aSHP
245 _aTHE POVERTY OF NATION
_cMURDOCH.W.W
942 _2udc
_cBK
999 _c16488
_d16488